000 00444nam a2200169Ia 4500
005 20250423101600.0
008 250422s9999 xx 000 0 und d
020 _a0- 380- 72930-X
050 _aBM729.P7D83
100 _aStephen J. Dubner
245 0 _aTurbulent souls: a Catholic son's return to his Jewish family
260 _bAvon book
260 _c1998
300 _a336 p
650 _aJews- United states- biography
942 _cBK
999 _c36683
_d36683